000
00313nam a2200133Ia 4500
008
240821s9999 xx 000 0 und d
020
_a
97816443518881
041
_a
eng
082
_a
617.7
100
_a
Evan Bailey .
245
_a
Lacrimal Drainage Surgery /
260
_b
Medicare
650
_a
Opthalmology
999
_c
1181265
_d
1181265